Surface chemistry /

Bibliographic Details
Main Author: McCash, Elaine M., 1961-
Format: Book
Language:English
Published: Oxford ; New York : Oxford University Press, 2001.
Subjects:

MARC

Tag First Indicator Second Indicator Subfields
LEADER 00000cam a2200000 a 4500
001 in00001638921
005 20151023065022.0
008 010724s2001 enka b 001 0 eng d
010 |a  2001270027 
015 |a GBA1-Y7998 
020 |a 0198503288 
035 |a (OCoLC)ocm46501017 
040 |a UKM  |c DLC  |d UKM  |d TXA  |d UtOrBLW 
042 |a lccopycat 
049 |a TXAM 
050 0 0 |a QD506  |b .M35 2001 
082 0 0 |a 541.3/3  |2 21 
100 1 |a McCash, Elaine M.,  |d 1961- 
245 1 0 |a Surface chemistry /  |c Elaine M. McCash. 
264 1 |a Oxford ;  |a New York :  |b Oxford University Press,  |c 2001. 
300 |a xi, 177 pages :  |b illustrations (some color) ;  |c 24 cm. 
336 |a text  |b txt  |2 rdacontent 
337 |a unmediated  |b n  |2 rdamedia 
338 |a volume  |b nc  |2 rdacarrier 
504 |a Includes bibliographical references (page [170]) and index. 
650 0 |a Surface chemistry. 
948 |a cataloged  |b h  |c 2001/9/12  |d c  |e mphillip promptcat  |f 10:22:13 am 
994 |a E0  |b TXA 
999 |a MARS 
999 f f |s 924190af-c2f5-3531-b026-ca912f206a78  |i ed8ae745-02b4-32d3-ad73-45f5368695c8  |t 0 
952 f f |p normal  |a Texas A&M University  |b College Station  |c Sterling C. Evans Library  |d Evans: Library Stacks  |t 0  |e QD506 .M35 2001  |h Library of Congress classification  |i unmediated -- volume  |m A14828096307 
998 f f |a QD506 .M35 2001  |t 0  |l Evans: Library Stacks